La Bande à Dingo - Générique (Paroles) - Statistiques

Statistiques générales
  • Ce quiz a été pris 12 fois
  • Le résultat moyen est 55 sur 116
Statistiques - réponses
Paroles % Correct
à
100%
a
100%
bande
100%
Dingo
100%
dingo
100%
la
100%
La
100%
ces
90%
le
90%
C'est
80%
c'est
80%
de
80%
e
70%
Ca
60%
cœur
50%
des
50%
plein
50%
pour
50%
un
50%
Un
50%
joie
40%
l'amitié
40%
les
40%
bonne
30%
humeur
30%
Il
30%
mais
30%
tous
30%
Tous
30%
tout
30%
Casse
20%
comme
20%
cool
20%
cou
20%
coups
20%
doigts
20%
est
20%
et
20%
Gagne
20%
Ils
20%
main
20%
pas
20%
peu
20%
sont
20%
Venez
20%
vous
20%
Bad
10%
copains
10%
Dans
10%
Dingue
10%
dingue
10%
êtes
10%
frères
10%
maboule
10%
Ouais
10%
Risque
10%
Si
10%
aussitôt
0%
baba-cool
0%
bed
0%
Compagnons
0%
compères
0%
complices
0%
dingos
0%
entrer
0%
loola
0%
père
0%
s'aiment
0%
Yeah
0%
Aucun quiz correspondant
Distribution des résultats
% des personnes avec chaque résultat
Percentile par nombre de réponses
Votre historique - résultats
Vous n’avez pas pris ce quiz